[Event "HUN-chT2 Szechenyi 1314"]
[Site "Hungary"]
[Date "2014.03.23"]
[Round "9.10"]
[White "Salavecz, Gergely"]
[Black "Felfoldi, Tamas"]
[Result "1-0"]
[WhiteElo "1964"]
[BlackElo "1600"]
[PlyCount "59"]
[EventDate "2013.09.08"]
[EventType "team-tourn"]
[EventRounds "11"]
[EventCountry "HUN"]
[SourceTitle "EXT 2016"]
[Source "ChessBase"]
[SourceDate "2015.10.08"]
[SourceVersion "1"]
[SourceVersionDate "2015.10.08"]
[SourceQuality "1"]
[WhiteTeam "Balatonfuered"]
[BlackTeam "Szombathely Haladas III"]
[WhiteTeamCountry "HUN"]
[BlackTeamCountry "HUN"]

1. e4 c5 2. Nf3 d6 3. d4 cxd4 4. Nxd4 Nf6 5. Nc3 g6 6. Be3 Bg7 7. f3 0-0 8. Qd2 Nc6 9. 0-0-0 d5 10. Kb1 dxe4 11. Nxc6 Qxd2 12. Nxe7+ Kh8 13. Rxd2 exf3 14. gxf3 Be6 15. Ned5 Nxd5 16. Nxd5 Rad8 17. Nf4 Rxd2 18. Bxd2 Rd8 19. Bd3 Bd7 20. Rd1 Bc6 21. Be4 Bxe4 22. fxe4 Rd4 23. c3 Rxe4 24. Re1 Rxe1+ 25. Bxe1 Be5 26. Bg3 h5 27. Nxg6+ fxg6 28. Bxe5+ Kh7 29. h4 Kh6 30. Bf6 1-0

[Event "HUN-chT2 Szechenyi 1314"]
[Site "Hungary"]
[Date "2013.11.17"]
[Round "5"]
[White "Bakos, Balazs1111"]
[Black "Felfoldi, Tamas"]
[Result "1-0"]
[WhiteElo "1587"]
[BlackElo "1600"]
[PlyCount "72"]
[EventDate "2013.09.08"]
[EventType "team-tourn"]
[EventRounds "11"]
[EventCountry "HUN"]
[SourceTitle "EXT 2016"]
[Source "ChessBase"]
[SourceDate "2015.10.08"]
[SourceVersion "1"]
[SourceVersionDate "2015.10.08"]
[SourceQuality "1"]
[WhiteTeam "Tapolca II"]
[BlackTeam "Szombathely Haladas III"]
[WhiteTeamCountry "HUN"]
[BlackTeamCountry "HUN"]

1. e4 c5 2. Nf3 d6 3. d4 cxd4 4. Nxd4 Nf6 5. Nc3 g6 6. Be3 Bg7 7. f3 0-0 8. Qd2 Nc6 9. g4 Bd7 10. 0-0-0 a6 11. h4 h5 12. gxh5 Nxh5 13. Rg1 Qa5 14. Rg5 Qd8 15. Rg1 Kh7 16. Be2 b5 17. f4 b4 18. Nb1 Nxf4 19. Nxc6 Nxe2+ 20. Qxe2 Bxc6 21. Qg2 Bh6 22. Bxh6 Kxh6 23. h5 Rg8 24. Qg5+ Kg7 25. hxg6 f6 26. Qg4 Bd7 27. Qg3 Be6 28. Rh1 Rh8 29. Qg2 Qb6 30. Nd2 Qa5 31. Nf3 Qxa2 32. Rh7+ Rxh7 33. gxh7+ Kh8 34. Rg1 Qa1+ 35. Kd2 Qxg1 36. Qxg1 Kxh7 1-0